000 00523nam a2200181Ia 4500
001 17155
005 20260306170404.0
008 260306t2014||||xx |||||||||||||| ||und||
041 _aESP
082 _a657.48
_bCH565
100 _aChong León, Esteban
_eAUT
245 0 _aContabilidad financiera intermedia:
_b: estados financieros y análisis de las cuentas del activo, pasivo y patrimonio neto
260 _c2014
300 _a511 páginas :
_c23 cm.
650 _aGEN
654 _aCCO
942 _cLIB
_dJUS
_fJUS
_2ddc
_n
999 _c17155
_d17155